| 000 | 00494 a2200193 4500 | ||
|---|---|---|---|
| 003 | Nust | ||
| 005 | 20170207152516.0 | ||
| 010 | _a 92018213 | ||
| 020 | _a0139322604 (recycled paper) : | ||
| 040 | _cNust | ||
| 082 | 0 | 0 | _a621.3916 |
| 100 | 1 | _aRosch, Winn L. | |
| 245 | 1 | 4 |
_aThe Winn L. Rosch hardware bible / _cWinn L. Rosch. |
| 250 | _a2nd ed. | ||
| 260 |
_aNew York : _bBrady Pub., _c1992. |
||
| 300 |
_axxxv, 1097 p, : _bill. ; _c24 cm. |
||
| 500 | _aIncludes index. | ||
| 650 | 0 | _aMicrocomputers. | |
| 942 | _cREF | ||
| 999 |
_c176069 _d176069 |
||